00600nam a2200181 4500020001800000082001700018100002000035245003100055250001200086260003300098300002300131500001900154650004300173700003700216942000700253999001700260952014100277 a9780070669246 a621.3822 SAL aSalivahanan, S. aDigital signal processing  a2nd ed. aNew DelhibMcGraw Hillc2010 axv, 923 p.bill. ; aIncludes Index aSignal processing--Digital techniques. aVallavaraj, A. and Gnanapriya C. cBK c12351d12351 001040708NFICaCLbCLcGENd2013-12-27eSaeed Book Bankg744.25l3o621.3822 SALpSEECS012776r2024-08-25s2024-05-26w2013-12-29yBK